00323nam a2200121Ia 4500008004100000041000800041082001600049100002200065245004400087260002800131300003300159365000900192240624s9999 xx 000 0 und d aeng a332.024 VET aVETTESE FREDERICK aESSENTIAL RETIREMENT GUIDE A CONTRARIAN c2016aNew JerseybWiley axviii, : 270 : p. : cm. ; 23 cb30